Природный газ как энергетическое топливо: стратегия использования и технологии сбережения; Нефтегазовые технологии; № 1

Podrobná bibliografie
Parent link:Нефтегазовые технологии: научно-технический журнал/ World Oil ; Pipe Line Industry ; Gulf Publishing Company.— , 1994-.— 0202-4578
№ 1.— 2002.— С. 14-22
Hlavní autor: Кириллов Н. Г.
Jazyk:ruština
Vydáno: 2002
Edice:Отечественные техника и технологи
Témata:
Médium: MixedMaterials Kapitola
KOHA link:https://koha.lib.tpu.ru/cgi-bin/koha/opac-detail.pl?biblionumber=381326

MARC

LEADER 00000naa2a2200000 4500
001 381326
005 20231101062821.0
035 |a (RuTPU)RU\TPU\prd\3714 
090 |a 381326 
100 |a 20020507a2002 k y0rusy50 ca 
101 0 |a rus 
102 |a RU 
200 1 |a Природный газ как энергетическое топливо: стратегия использования и технологии сбережения  |f Н. Г. Кириллов 
225 1 |a Отечественные техника и технологи 
320 |a Библиогр.: 10 назв. 
461 1 |0 (RuTPU)RU\TPU\prd\1175  |x 0202-4578  |t Нефтегазовые технологии  |o научно-технический журнал  |f World Oil ; Pipe Line Industry ; Gulf Publishing Company  |d 1994- 
463 1 |0 (RuTPU)RU\TPU\prd\2061  |t № 1  |v С. 14-22  |d 2002 
610 1 |a природный газ 
610 1 |a энергетическое топливо 
610 1 |a энергосбережение 
610 1 |a внедрение 
610 1 |a использование 
610 1 |a теплоэнергетика 
610 1 |a теплоснабжение 
610 1 |a уголь 
610 1 |a биоресурсы 
610 1 |a бытовые городские отходы 
610 1 |a теплонасосные установки 
610 1 |a когенерационные установки 
700 1 |a Кириллов  |b Н. Г. 
801 1 |a RU  |b 63413507  |c 20020507  |g PSBO 
801 2 |a RU  |b 63413507  |c 20120112  |g PSBO 
942 |c BK